An unending Show and other stories/ (Record no. 200572)

MARC details
000 -LEADER
fixed length control field 00480nam a22001817a 4500
005 - DATE AND TIME OF LATEST TRANSACTION
control field 20260527140941.0
010 ## - LCCN (DPL NO)
LC control number ENG-139136 ENG-148650
020 ## - INTERNATIONAL STANDARD BOOK NUMBER
Terms of availability 200.00
International Standard Book Number 9789354278433
035 ## - SYSTEM CONTROL NUMBER
System control number EN-122668
035 ## - SYSTEM CONTROL NUMBER
System control number EN-132182
037 ## - SOURCE OF ACQUISITION
Source of stock number/acquisition DBAD/PUB
082 ## - DEWEY DECIMAL CLASSIFICATION NUMBER
Classification number S
100 ## - MAIN ENTRY--PERSONAL NAME
Personal name BHASIN,SANJEEV KUMAR
245 ## - TITLE STATEMENT
Title An unending Show and other stories/
Statement of responsibility, etc By Sanjeev Kumar Bhasin
260 ## - PUBLICATION, DISTRIBUTION, ETC. (IMPRINT)
Name of publisher, distributor, etc BLUEROSE PUBLISHERS
Date of publication, distribution, etc 2023
300 ## - PHYSICAL DESCRIPTION
Extent 123p.
Dimensions 21cm(pb)
942 ## - ADDED ENTRY ELEMENTS (KOHA)
Source of classification or shelving scheme Dewey Decimal Classification
Item type English Books
Call number suffix BHA
Classification part S
Holdings
Withdrawn status Lost status Not for loan Collection code Home library Current library Date acquired Source of acquisition Cost, normal purchase price Full call number Barcode Copy number Cost, replacement price Koha item type
    Not For Loan Fiction D.B.Act.Division D.B.Act.Division 27/05/2026 Delivery of Books Act Division 200.00 BHA S EN-132182 1 200.00 English Books
      Fiction Sarojini Nagar Sarojini Nagar 06/02/2024 DBAD/PUB 214.00 BHA S EN-122668 1 214.00 English Books

© Delhi Public Library
Hit Counter
free hit counter